Расул ХIамзатов - рагIул устар (Запись № 12268670)

Подробности
000 -МАРКЕР
контрольное поле 01293nam0a2200301 4500
001 - ИДЕНТИФИКАТОР ЗАПИСИ
контрольное поле RU\NLR\BIBL_A\011886417
005 - ИДЕНТИФИКАТОР ВЕРСИИ
контрольное поле 20260607072616.0
035 ## - ДРУГИЕ СИСТЕМНЫЕ НОМЕРА
Идентификатор записи (NLR Aleph) 011886417
100 ## - ДАННЫЕ ОБЩЕЙ ОБРАБОТКИ
Данные общей обработки 20181207d1967 |||y0rusy50 ca
101 0# - ЯЗЫК РЕСУРСА
Язык текста, звукозаписи и т.д. аварский
102 ## - СТРАНА ПУБЛИКАЦИИ ИЛИ ПРОИЗВОДСТВА
Страна публикации Российская Федерация
105 ## - ПОЛЕ КОДИРОВАННЫХ ДАННЫХ: ТЕКСТОВЫЕ МАТЕРИАЛЫ, МОНОГРАФИЧЕСКИЕ
Кодированные данные о монографическом текстовом документе y z 000yy
200 1# - ЗАГЛАВИЕ И СВЕДЕНИЯ ОБ ОТВЕТСТВЕННОСТИ
Основное заглавие Расул ХIамзатов - рагIул устар
Первые сведения об ответственности ХIамзат Гъазиев
210 ## - ПУБЛИКАЦИЯ, РАСПРОСТРАНЕНИЕ И ДР.
Место издания, распространения и т.д. Махачкала
Имя издателя, распространителя и т. д. Дагучпедгиз
Дата издания, распространения и т.д. 1967
215 ## - ФИЗИЧЕСКАЯ ХАРАКТЕРИСТИКА
Специфическое обозначение материала и объем 54,[2] с.
Размеры 20
320 ## - ПРИМЕЧАНИЯ О НАЛИЧИИ В ДОКУМЕНТЕ БИБЛИОГРАФИИ / УКАЗАТЕЛЯ
Текст примечания Библиогр. в подстроч. примеч.
541 1# - ПЕРЕВОД ЗАГЛАВИЯ, СДЕЛАННЫЙ КАТАЛОГИЗАТОРОМ
Связь между полями z01790
Заглавие Расул Гамзатов - мастер слова
Язык заглавия русский
600 #1 - ИМЯ ЛИЦА КАК ПРЕДМЕТ
Начальный элемент ввода Гамзатов
Часть имени, кроме начального элемента ввода Р. Г.
Даты 1923 - 2003
Расширение инициалов личного имени Расул Гамзатович
Системный номер авторитетной/нормативной записи 1093220
Идентификатор авторитетной/нормативной записи RU\NLR\AUTH\66110060
606 1# - НАИМЕНОВАНИЕ ТЕМЫ КАК ПРЕДМЕТ
Наименование темы Аварская литература
Системный номер авторитетной/нормативной записи 2405516
Идентификатор авторитетной/нормативной записи RU\NLR\AUTH\6601653059
686 1# - ИНДЕКСЫ ДРУГИХ КЛАССИФИКАЦИЙ
Индекс Ш5(2=Ав)7-4Гамзатов
700 #1 - ИМЯ ЛИЦА - ПЕРВИЧНАЯ ОТВЕТСТВЕННОСТЬ
Начальный элемент ввода Гъазимирзаев
Часть имени, кроме начального элемента ввода ХI.
Даты 1927-1994
Расширение инициалов личного имени ХIажи
Код отношения Автор
702 #1 - ИМЯ ЛИЦА - ВТОРИЧНАЯ ОТВЕТСТВЕННОСТЬ
Код отношения Прочие
Графика поля Кириллица
Материалы, к которым относится поле ava
Начальный элемент ввода ХIамзатов
Часть имени, кроме начального элемента ввода Р.
Даты 1923-2003
Расширение инициалов личного имени Расул
Идентификатор авторитетной/нормативной записи RU\NLR\AUTH\770137258
Системный номер авторитетной/нормативной записи 137223
790 #1 - ИМЯ ЛИЦА - АЛЬТЕРНАТИВНАЯ ФОРМА
Связь между полями z01541
Начальный элемент ввода Казиев
Часть имени, кроме начального элемента ввода Г. К.
Расширение инициалов личного имени Гамзат Казимагимедович
Код отношения Автор
852 ## - МЕСТОНАХОЖДЕНИЕ И ШИФР ХРАНЕНИЯ
Идентификатор организации NLR
Наименование фонда или коллекции (Sub-Location Identifier) ОНЛ
Шифр хранения (Call Number) Авар./2-830
942 ## - ДОПОЛНИТЕЛЬНЫЕ ЭЛЕМЕНТЫ ЗАПИСИ (АБИС)
Тип экземпляра АБИС Книга
980 ## - КОЛЛЕКЦИЯ
Название коллекции Национальная библиография
Экземпляры
Тип экземпляра Дата поступления Библиотека постоянного хранения Библиотека текущего хранения Место хранения Шифр хранения Штрих-код Статус экземпляра
Книга 07.12.2018 РНБ (Московский) РНБ (Московский) Фонд национальных литератур ОНЛ Авар./2-830 1-2408506